000 01101naa a22002897a 4500
001 BR8105763
003 BR-BrBNA
005 20240918174856.0
007 ta
008 230509b bl.||||| |||| 00| 0 por d
040 _aBR-BrBNA
_bpor
_cBiblioteca Nacional de Agricultura
041 _a(Pt)
072 _aH20
_b2120
_b3879
_b4050
090 _aH20 BR8105763
100 1 _aJaehn, A.
111 1 _a9. Congresso Brasileiro de Pesquisas Cafeeiras
_cSao Lourenco, MG (Brazil)
_d27 Oct 1981
245 1 _aEnsaio de nematicidas em cafe novo instalado em solo infestado por Meloidogyne incognita [nematoide]
260 3 _aRio de Janeiro, RJ (Brasil):
_c1981.
500 _aResumos do 9. Congresso Brasileiro de Pesquisas Cafeeiras Rio de Janeiro, RJ (Brasil): 1981. p. 156-158 (BR8105763-AM)H20
650 _aCAFE
650 _aNEMATICIDA
650 _aCONTROLE QUIMICO
650 _aNEMATOIDE
773 0 _tResumos do 9. Congresso Brasileiro de Pesquisas Cafeeiras
_wH20 BR8105763
_gRio de Janeiro, RJ (Brasil), 1981. p. 156-158
909 _a202404
_bLucia
_c55
_dLucia Elande
942 _cAM
_2AGRIS
999 _c314143
_d314143